00423pab a2200145 454500008004000000100001900040245009000059260000900149300001500158362000800173650002800181650002000209700001500229773003300244180718b2009 xxu||||| |||| 00| 0 eng d aTyfield, David aCosmopolitan China? Lessons from international collaboration in low-carbon innovation c2009 ap.793-812. aDec aCosmopolitanism - China aCosmopolitanism aUrry, John aBritish Journal of Sociology